Solving Problems in Fluid Mechanics. Volume 1 /

Enregistré dans:
Détails bibliographiques
Auteur principal: Douglas, J.F (Auteur)
Format: Livre
Langue:anglais
Publié: Harlow : Longman Scientific and Technical, 1991
Édition:7.impression
Tags: Ajouter un tag
Pas de tags, Soyez le premier à ajouter un tag!

MARC

LEADER 00000nam a22000003a 4500
001 stu20906
005 20150617225753.9
008 921207s1991----uk------------------eng-d
020 |a 0-582-28641-7 
040 |a STU  |b slo 
041 0 |a eng 
044 |a uk 
080 |a 532.132 
100 1 |a Douglas, J.F  |4 aut 
245 1 |a Solving Problems in Fluid Mechanics. Volume 1 /  |c [aut.]Douglas,J.F 
250 |a 7.impression 
260 |a Harlow :  |b Longman Scientific and Technical,  |c 1991 
300 |a 263 s :  |b Tab.,grafy,index 
996 |b C90463  |c C*90463  |l CCXVIII  |s P  |a 0  |w stu20906_0001